<?xml version="1.0" encoding="UTF-8"?>
<record
    xmlns:xsi="http://www.w3.org/2001/XMLSchema-instance"
    xsi:schemaLocation="http://www.loc.gov/MARC21/slim http://www.loc.gov/standards/marcxml/schema/MARC21slim.xsd"
    xmlns="http://www.loc.gov/MARC21/slim">

  <leader>02375nam0a2200409   4500</leader>
  <controlfield tag="001">RU\NLR\bibl\1817596</controlfield>
  <controlfield tag="005">20250616155644.0</controlfield>
  <datafield tag="010" ind1=" " ind2=" ">
    <subfield code="a">978-5-394-01397-3</subfield>
    <subfield code="9">1000</subfield>
  </datafield>
  <datafield tag="021" ind1=" " ind2=" ">
    <subfield code="a">RU</subfield>
    <subfield code="b">2011-68294</subfield>
    <subfield code="9">4821</subfield>
  </datafield>
  <datafield tag="035" ind1=" " ind2=" ">
    <subfield code="a">(NLR Aleph) 001808170</subfield>
  </datafield>
  <datafield tag="090" ind1=" " ind2=" ">
    <subfield code="a">1833203</subfield>
    <subfield code="c">1833203</subfield>
  </datafield>
  <datafield tag="100" ind1=" " ind2=" ">
    <subfield code="a">20111007d2012    |||y0rusy50      ca</subfield>
  </datafield>
  <datafield tag="101" ind1="0" ind2=" ">
    <subfield code="a">rus</subfield>
  </datafield>
  <datafield tag="102" ind1=" " ind2=" ">
    <subfield code="a">RU</subfield>
  </datafield>
  <datafield tag="105" ind1=" " ind2=" ">
    <subfield code="a">a   |||||||||</subfield>
  </datafield>
  <datafield tag="200" ind1="1" ind2=" ">
    <subfield code="a">&#x42D;&#x43A;&#x43E;&#x43D;&#x43E;&#x43C;&#x438;&#x447;&#x435;&#x441;&#x43A;&#x430;&#x44F; &#x442;&#x435;&#x43E;&#x440;&#x438;&#x44F;</subfield>
    <subfield code="e">&#x44D;&#x43A;&#x43E;&#x43D;&#x43E;&#x43C;&#x438;&#x447;&#x435;&#x441;&#x43A;&#x438;&#x435; &#x441;&#x438;&#x441;&#x442;&#x435;&#x43C;&#x44B;: &#x444;&#x43E;&#x440;&#x43C;&#x438;&#x440;&#x43E;&#x432;&#x430;&#x43D;&#x438;&#x435; &#x438; &#x440;&#x430;&#x437;&#x432;&#x438;&#x442;&#x438;&#x435;</subfield>
    <subfield code="e">&#x443;&#x447;&#x435;&#x431;&#x43D;&#x438;&#x43A;</subfield>
    <subfield code="e">&#x434;&#x43B;&#x44F; &#x441;&#x442;&#x443;&#x434;&#x435;&#x43D;&#x442;&#x43E;&#x432; &#x43C;&#x430;&#x433;&#x438;&#x441;&#x442;&#x440;&#x430;&#x442;&#x443;&#x440;&#x44B; &#x412;&#x41F;&#x41E;, &#x43E;&#x431;&#x443;&#x447;&#x430;&#x44E;&#x449;&#x438;&#x445;&#x441;&#x44F; &#x43F;&#x43E; &#x43D;&#x430;&#x43F;&#x440;&#x430;&#x432;&#x43B;&#x435;&#x43D;&#x438;&#x44F;&#x43C; &#x43F;&#x43E;&#x434;&#x433;&#x43E;&#x442;&#x43E;&#x432;&#x43A;&#x438; "&#x42D;&#x43A;&#x43E;&#x43D;&#x43E;&#x43C;&#x438;&#x43A;&#x430;" &#x438; "&#x41C;&#x435;&#x43D;&#x435;&#x434;&#x436;&#x43C;&#x435;&#x43D;&#x442;"</subfield>
    <subfield code="f">[&#x418;.&#x41A;. &#x41B;&#x430;&#x440;&#x438;&#x43E;&#x43D;&#x43E;&#x432;, &#x434;.&#x44D;.&#x43D;., &#x43F;&#x440;&#x43E;&#x444;., &#x437;&#x430;&#x441;&#x43B;. &#x434;&#x435;&#x44F;&#x442;. &#x43D;&#x430;&#x443;&#x43A;&#x438; &#x420;&#x424;, &#x421;.&#x41D;. &#x421;&#x438;&#x43B;&#x44C;&#x432;&#x435;&#x441;&#x442;&#x440;&#x43E;&#x432;, &#x434;.&#x44D;.&#x43D;., &#x43F;&#x440;&#x43E;&#x444;., &#x437;&#x430;&#x441;&#x43B;. &#x44D;&#x43A;&#x43E;&#x43D;&#x43E;&#x43C;&#x438;&#x441;&#x442; &#x420;&#x424;, &#x41A;.&#x412;. &#x410;&#x43D;&#x442;&#x438;&#x43F;&#x43E;&#x432;, &#x434;.&#x44D;.&#x43D;., &#x434;&#x43E;&#x446;. &#x438; &#x434;&#x440;.]</subfield>
    <subfield code="g">&#x43F;&#x43E;&#x434; &#x440;&#x435;&#x434;. &#x434;&#x43E;&#x43A;&#x442;&#x43E;&#x440;&#x43E;&#x432; &#x44D;&#x43A;&#x43E;&#x43D;. &#x43D;&#x430;&#x443;&#x43A;, &#x43F;&#x440;&#x43E;&#x444;&#x435;&#x441;&#x441;&#x43E;&#x440;&#x43E;&#x432; &#x418;.&#x41A;. &#x41B;&#x430;&#x440;&#x438;&#x43E;&#x43D;&#x43E;&#x432;&#x430;, &#x421;.&#x41D;. &#x421;&#x438;&#x43B;&#x44C;&#x432;&#x435;&#x441;&#x442;&#x440;&#x43E;&#x432;&#x430;</subfield>
  </datafield>
  <datafield tag="210" ind1=" " ind2=" ">
    <subfield code="a">&#x41C;&#x43E;&#x441;&#x43A;&#x432;&#x430;</subfield>
    <subfield code="c">&#x414;&#x430;&#x448;&#x43A;&#x43E;&#x432; &#x438; &#x41A;&#xB0;</subfield>
    <subfield code="d">2012 [&#x442;.&#x435;. 2011]</subfield>
  </datafield>
  <datafield tag="215" ind1=" " ind2=" ">
    <subfield code="a">873 &#x441;.</subfield>
    <subfield code="c">&#x441;&#x445;&#x435;&#x43C;.</subfield>
    <subfield code="d">21</subfield>
  </datafield>
  <datafield tag="225" ind1="1" ind2=" ">
    <subfield code="a">&#x423;&#x447;&#x435;&#x431;&#x43D;&#x44B;&#x435; &#x438;&#x437;&#x434;&#x430;&#x43D;&#x438;&#x44F; &#x434;&#x43B;&#x44F; &#x43C;&#x430;&#x433;&#x438;&#x441;&#x442;&#x440;&#x43E;&#x432;</subfield>
  </datafield>
  <datafield tag="300" ind1=" " ind2=" ">
    <subfield code="a">&#x410;&#x432;&#x442;. &#x443;&#x43A;&#x430;&#x437;&#x430;&#x43D;&#x44B; &#x43D;&#x430; &#x43E;&#x431;&#x43E;&#x440;&#x43E;&#x442;&#x435; &#x442;&#x438;&#x442;.&#x43B;.</subfield>
  </datafield>
  <datafield tag="300" ind1=" " ind2=" ">
    <subfield code="a">&#x41A;&#x43D;. &#x444;&#x430;&#x43A;&#x442;&#x438;&#x447;&#x435;&#x441;&#x43A;&#x438; &#x438;&#x437;&#x434;. &#x432; 2011 &#x433;.</subfield>
  </datafield>
  <datafield tag="320" ind1=" " ind2=" ">
    <subfield code="a">&#x411;&#x438;&#x431;&#x43B;&#x438;&#x43E;&#x433;&#x440;. &#x432; &#x43F;&#x43E;&#x434;&#x441;&#x442;&#x440;&#x43E;&#x447;. &#x43F;&#x440;&#x438;&#x43C;&#x435;&#x447;.</subfield>
  </datafield>
  <datafield tag="606" ind1="1" ind2=" ">
    <subfield code="a">&#x42D;&#x43A;&#x43E;&#x43D;&#x43E;&#x43C;&#x438;&#x43A;&#x430;</subfield>
    <subfield code="j">&#x423;&#x447;&#x435;&#x431;&#x43D;&#x438;&#x43A;&#x438; &#x434;&#x43B;&#x44F; &#x432;&#x44B;&#x441;&#x448;&#x438;&#x445; &#x443;&#x447;&#x435;&#x431;&#x43D;&#x44B;&#x445; &#x437;&#x430;&#x432;&#x435;&#x434;&#x435;&#x43D;&#x438;&#x439;</subfield>
    <subfield code="x">&#x422;&#x435;&#x43E;&#x440;&#x438;&#x44F;</subfield>
    <subfield code="9">1565397</subfield>
    <subfield code="3">RU\NLR\auth\66985247</subfield>
  </datafield>
  <datafield tag="606" ind1="1" ind2=" ">
    <subfield code="a">&#x42D;&#x43A;&#x43E;&#x43D;&#x43E;&#x43C;&#x438;&#x447;&#x435;&#x441;&#x43A;&#x438;&#x435; &#x441;&#x438;&#x441;&#x442;&#x435;&#x43C;&#x44B;</subfield>
    <subfield code="j">&#x423;&#x447;&#x435;&#x431;&#x43D;&#x44B;&#x435; &#x438;&#x437;&#x434;&#x430;&#x43D;&#x438;&#x44F; &#x434;&#x43B;&#x44F; &#x432;&#x44B;&#x441;&#x448;&#x438;&#x445; &#x443;&#x447;&#x435;&#x431;&#x43D;&#x44B;&#x445; &#x437;&#x430;&#x432;&#x435;&#x434;&#x435;&#x43D;&#x438;&#x439;</subfield>
    <subfield code="x">&#x422;&#x435;&#x43E;&#x440;&#x438;&#x44F;</subfield>
    <subfield code="9">2093998</subfield>
    <subfield code="3">RU\NLR\auth\661267154</subfield>
  </datafield>
  <datafield tag="686" ind1=" " ind2=" ">
    <subfield code="a">&#x423;010&#x44F;73</subfield>
  </datafield>
  <datafield tag="686" ind1=" " ind2=" ">
    <subfield code="a">&#x423;010.5&#x44F;73</subfield>
  </datafield>
  <datafield tag="701" ind1=" " ind2="1">
    <subfield code="4">070</subfield>
    <subfield code="7">ca</subfield>
    <subfield code="8">rus</subfield>
    <subfield code="a">&#x41B;&#x430;&#x440;&#x438;&#x43E;&#x43D;&#x43E;&#x432;</subfield>
    <subfield code="b">&#x418;. &#x41A;.</subfield>
    <subfield code="g">&#x418;&#x433;&#x43E;&#x440;&#x44C; &#x41A;&#x43E;&#x43D;&#x441;&#x442;&#x430;&#x43D;&#x442;&#x438;&#x43D;&#x43E;&#x432;&#x438;&#x447;</subfield>
    <subfield code="9">189985</subfield>
    <subfield code="3">RU\NLR\AUTH\770190036</subfield>
  </datafield>
  <datafield tag="701" ind1=" " ind2="1">
    <subfield code="a">&#x421;&#x438;&#x43B;&#x44C;&#x432;&#x435;&#x441;&#x442;&#x440;&#x43E;&#x432;</subfield>
    <subfield code="b">&#x421;. &#x41D;.</subfield>
    <subfield code="g">&#x421;&#x435;&#x440;&#x433;&#x435;&#x439; &#x41D;&#x438;&#x43A;&#x43E;&#x43B;&#x430;&#x435;&#x432;&#x438;&#x447;</subfield>
    <subfield code="4">070</subfield>
  </datafield>
  <datafield tag="701" ind1=" " ind2="1">
    <subfield code="a">&#x410;&#x43D;&#x442;&#x438;&#x43F;&#x43E;&#x432;</subfield>
    <subfield code="b">&#x41A;. &#x412;.</subfield>
    <subfield code="g">&#x41A;&#x43E;&#x43D;&#x441;&#x442;&#x430;&#x43D;&#x442;&#x438;&#x43D; &#x412;&#x430;&#x43B;&#x435;&#x440;&#x44C;&#x435;&#x432;&#x438;&#x447;</subfield>
    <subfield code="4">070</subfield>
  </datafield>
  <datafield tag="801" ind1=" " ind2="0">
    <subfield code="a">RU</subfield>
    <subfield code="b">NLR</subfield>
    <subfield code="c">20111007</subfield>
    <subfield code="g">RCR</subfield>
  </datafield>
  <datafield tag="801" ind1=" " ind2="1">
    <subfield code="a">RU</subfield>
    <subfield code="b">NLR</subfield>
    <subfield code="c">20111007</subfield>
  </datafield>
  <datafield tag="830" ind1=" " ind2=" ">
    <subfield code="a">2 &#x430;&#x432;&#x442;. &#x43F;&#x43E; &#x43A;&#x43D;, 3-&#x439; &#x43F;&#x43E; &#x44D;&#x43A;</subfield>
  </datafield>
  <datafield tag="942" ind1=" " ind2=" ">
    <subfield code="c">BOOK</subfield>
  </datafield>
  <datafield tag="980" ind1=" " ind2=" ">
    <subfield code="a">NB</subfield>
  </datafield>
  <datafield tag="980" ind1=" " ind2=" ">
    <subfield code="a">NBR</subfield>
  </datafield>
  <datafield tag="995" ind1=" " ind2=" ">
    <subfield code="5">2011-10-07</subfield>
    <subfield code="a">ad</subfield>
    <subfield code="b">NLR01</subfield>
    <subfield code="c">NLR01</subfield>
    <subfield code="e">RF8</subfield>
    <subfield code="f">1-2596366</subfield>
    <subfield code="k">2011-3/30751</subfield>
    <subfield code="o">0</subfield>
    <subfield code="r">BOOK</subfield>
    <subfield code="s">2011330751_</subfield>
  </datafield>
  <datafield tag="995" ind1=" " ind2=" ">
    <subfield code="5">2011-10-07</subfield>
    <subfield code="a">ad</subfield>
    <subfield code="b">NLR01</subfield>
    <subfield code="c">NLR01</subfield>
    <subfield code="e">RF8</subfield>
    <subfield code="f">3503082</subfield>
    <subfield code="k">2011-3/30751</subfield>
    <subfield code="o">0</subfield>
    <subfield code="r">BOOK</subfield>
    <subfield code="s">2011330751_</subfield>
  </datafield>
  <datafield tag="995" ind1=" " ind2=" ">
    <subfield code="5">2012-10-29</subfield>
    <subfield code="a">aa</subfield>
    <subfield code="b">NLR02</subfield>
    <subfield code="c">NLR02</subfield>
    <subfield code="e">UCHZ</subfield>
    <subfield code="f">1-119934</subfield>
    <subfield code="k">&#x423;  &#x423;01/&#x42D;-400</subfield>
    <subfield code="o">0</subfield>
    <subfield code="p">544.00</subfield>
    <subfield code="r">BOOK</subfield>
    <subfield code="s">_01400</subfield>
  </datafield>
</record>
